| 000 | 01203cam a22003615a 4500 | ||
|---|---|---|---|
| 001 | 017414309 | ||
| 003 | OSt | ||
| 005 | 20171119152722.0 | ||
| 008 | 150529t2015 enk frb 001 0 eng d | ||
| 015 |
_aGBB5B7085 _2bnb |
||
| 016 | 7 |
_a017414309 _2Uk |
|
| 020 | _a9780414035324 (paperback) | ||
| 020 | _a0414035321 (paperback) | ||
| 035 | _a(IeDuTC)b162056825 | ||
| 038 | _aUkLoRLUK | ||
| 040 |
_aUK-WkNB _beng _cUK-WkNB _dIeDuTC _dUk _dEG-ScBUE |
||
| 043 | _ae-uk-en | ||
| 082 | 0 | 4 |
_a346.42022 _bBRO _222 |
| 100 | 1 | _aBrownsword, Roger. | |
| 245 | 1 | 0 |
_aSmith and Thomas : _ba casebook on contract / _cby Professor Roger Brownsword. |
| 250 | _a13th ed. | ||
| 260 |
_aLondon : _bSweet & Maxwell / Thomson Reutters, _c2015. |
||
| 300 |
_axlix, 1002 p. ; _c25 cm. |
||
| 504 | _aIncludes bibliographical references and index. | ||
| 650 | 7 |
_aContracts _zGreat Britain _vCases. _2BUEsh |
|
| 650 | 7 |
_aContracts _zEngland _vCases. _2BUEsh |
|
| 651 | _2BUEsh | ||
| 653 |
_bLLAAWW _cNovember2017 |
||
| 655 |
_vReading book _934232 |
||
| 700 | 1 |
_aSmith, J. C. _q(John Cyril) _tCasebook on contract. |
|
| 700 | 1 |
_aThomas, J. A. C. _q(Joseph Anthony Charles), _d1923-1981. _tCasebook on contract. |
|
| 942 | _2ddc | ||
| 999 |
_c25619 _d25591 |
||